[Event "Yalta Yialos op"]
[Site "Yalta"]
[Date "2022.09.12"]
[Round "9"]
[White "Iljin, Timofey"]
[Black "Rodionov, Maksim"]
[Result "1-0"]
[WhiteElo "2335"]
[BlackElo "1460"]
[PlyCount "50"]
[EventDate "2022.09.04"]
[EventType "swiss"]
[EventRounds "9"]
[EventCountry "UKR"]
[SourceTitle "CBM 210 Extra"]
[Source "ChessBase"]
[SourceDate "2022.11.30"]
[SourceVersion "1"]
[SourceVersionDate "2022.11.30"]
[SourceQuality "1"]

1. d4 d5 2. c4 e6 3. Nc3 Nf6 4. cxd5 exd5 5. Bg5 Be7 6. e3 c6 7. Bd3 Bg4 8. Nge2 Bh5 9. 0-0 Bg6 10. f3 Ne4 11. Bf4 Nxc3 12. bxc3 Bd6 13. e4 Bxf4 14. Nxf4 Qg5 15. Nxg6 hxg6 16. exd5 Qh5 17. Re1+ Kd8 18. h3 Qxd5 19. Qe2 Nd7 20. Bc4 Qg5 21. Bxf7 Kc7 22. Qe7 Qd2 23. Re6 Qxc3 24. Qd6+ Kc8 25. Rae1 Nb8 1-0

[Event "Alushta Rapid op"]
[Site "Alushta"]
[Date "2022.07.03"]
[Round "1"]
[White "Vastrukhin, Oleg"]
[Black "Rodionov, Maksim"]
[Result "1-0"]
[WhiteElo "2367"]
[BlackElo "1460"]
[PlyCount "29"]
[EventDate "2022.07.03"]
[EventType "swiss (rapid)"]
[EventRounds "11"]
[EventCountry "UKR"]
[SourceTitle "CBM 209 Extra"]
[Source "ChessBase"]
[SourceDate "2022.09.30"]
[SourceVersion "1"]
[SourceVersionDate "2022.09.30"]
[SourceQuality "1"]

1. Nf3 d5 2. g3 c5 3. Bg2 Bf5 4. 0-0 e6 5. d4 Nc6 6. c4 cxd4 7. Nxd4 Nxd4 8. Qxd4 dxc4 9. Qxc4 Qd7 10. Nc3 Nf6 11. Rd1 Qc8 12. Qb5+ Ke7 13. Bxb7 Qb8 14. Qc5+ Ke8 15. Bc6+ 1-0

[Event "Alushta Blitz op"]
[Site "Alushta"]
[Date "2022.07.02"]
[Round "1"]
[White "Smirnov, Pavel"]
[Black "Rodionov, Maksim"]
[Result "1-0"]
[WhiteElo "2544"]
[BlackElo "1460"]
[PlyCount "61"]
[EventDate "2022.07.02"]
[EventType "swiss (blitz)"]
[EventRounds "13"]
[EventCountry "UKR"]
[SourceTitle "CBM 209 Extra"]
[Source "ChessBase"]
[SourceDate "2022.09.30"]
[SourceVersion "1"]
[SourceVersionDate "2022.09.30"]
[SourceQuality "1"]

1. e4 d5 2. exd5 Nf6 3. Nf3 Nxd5 4. d4 Bg4 5. h3 Bh5 6. g4 Bg6 7. Ne5 e6 8. Bg2 c6 9. 0-0 Nd7 10. Nxg6 hxg6 11. c4 N5b6 12. Qe2 Be7 13. Nc3 Nf6 14. Be3 Qc7 15. Rad1 0-0-0 16. d5 exd5 17. cxd5 Rhe8 18. dxc6 bxc6 19. Na4 Nfd5 20. Nxb6+ Nxb6 21. Rc1 c5 22. Qa6+ Kb8 23. Bxc5 Bxc5 24. Rxc5 Qe7 25. Rfc1 Rd7 26. a4 Red8 27. a5 Rd1+ 28. Bf1 Rxc1 29. Rxc1 Nd7 30. Qb5+ Ka8 31. Bg2+ 1-0

[Event "Black Sea GP Blitz"]
[Site "Evpatoria"]
[Date "2021.10.30"]
[Round "8"]
[White "Chos, Alexey"]
[Black "Rodionov, Maksim"]
[Result "1-0"]
[WhiteElo "2296"]
[BlackElo "1460"]
[PlyCount "64"]
[EventDate "2021.10.30"]
[EventType "swiss (blitz)"]
[EventRounds "13"]
[EventCountry "UKR"]
[SourceTitle "EXT 2023"]
[Source "ChessBase"]
[SourceDate "2022.10.05"]
[SourceVersion "1"]
[SourceVersionDate "2022.10.05"]
[SourceQuality "1"]

1. e4 d5 2. exd5 Qxd5 3. Nc3 Qa5 4. Nf3 Nf6 5. d4 Bg4 6. h3 Bh5 7. g4 Bg6 8. b4 Qb6 9. g5 Qe6+ 10. Qe2 Qxe2+ 11. Bxe2 Ne4 12. Nd5 Kd8 13. c4 e6 14. Nf4 Bxb4+ 15. Kf1 Nc3 16. Nxg6 hxg6 17. Bd3 c5 18. a3 Ba5 19. Ne5 Ke7 20. dxc5 Nc6 21. Nxc6+ bxc6 22. Bf4 Rad8 23. Bd6+ Kd7 24. Bc2 Bc7 25. Re1 Rb8 26. Re3 Nb1 27. Ke2 Rb2 28. Kd1 Bxd6 29. cxd6 Rhb8 30. Kc1 Ra2 31. Bxb1 Rxf2 32. Bc2 Kxd6 1-0